Word Ladder: Never Gonna Give 'Bama Up Quiz Stats

 Plays Quiz Updated Sep 4, 2017

Score 0/11 Timer 01:30
4 Plays Today
Clue 4-Letter Word % Correct
What an illness makes youSICK
99%
One-person singingSOLO
97.6%
Fee for driving on certain roadsTOLL
95.8%
Where grain is storedSILO
95%
Brand of soy milk, almond milk, etc.SILK
93.6%
Toss some dice
Part 2 of hearing 'Never Gonna Give You Up'
Part 1 of the 'Bama football cry
🎵ROLL🏈
92.9%
Chocolate-caramel candyROLO
91.9%
Scrabble pieceTILE
91.9%
Cultivate landTILL
91.1%
Rising and falling of the sea
Part 2 of the 'Bama football cry
🏈TIDE🏈
90.3%
Morty's grandpa from Adult Swim
Part 1 of hearing 'Never Gonna Give You Up'
🎵RICK🎵
78.1%

Today's Daily Dose

Missing Word
Arizona A-Z

Word Ladder
Greek Letters II

Get the Picture
US National Parks

You're not logged in!

Compare scores with friends on all Sporcle quizzes.
OR
Log In

You Might Also Like...

Show Comments

Extras

Top Quizzes Today


Score Distribution

Your Account Isn't Verified!

In order to create a playlist on Sporcle, you need to verify the email address you used during registration. Go to your Sporcle Settings to finish the process.

Report this User

Report this user for behavior that violates our Community Guidelines.

Details: